| 000 | 00796nam a2200253Ia 4500 | ||
|---|---|---|---|
| 003 | OSt | ||
| 005 | 20220926012140.0 | ||
| 006 | a|||||r|||| 00| 0 | ||
| 007 | ta | ||
| 008 | 220923b |||||||| |||| 00| 0 eng d | ||
| 037 | _cGeneral Book | ||
| 040 |
_aRTL _cRTL _beng |
||
| 041 |
_2eng _aeng |
||
| 082 | _aY9(X:97D).73.N9, N0 | ||
| 100 |
_aWoodiwiss Anthony _918502 |
||
| 245 | 0 |
_aRights V conspiracy _b A sociological essay on the history of labour law in the United States |
|
| 260 |
_aNew York _bBerg _c1990 |
||
| 300 |
_aix, 332p _ccm. |
||
| 490 | _aState, Law and Society | ||
| 500 | _aBibliography: P 297-322 | ||
| 650 |
_aSociology of Trade Unions _9315615 |
||
| 942 |
_hY9(X:97D).73.N9, N0 _cGB _2CC |
||
| 999 |
_c621884 _d621884 |
||